000 02351cam a22003134a 4500
001 15315038
003 OSt
005 20240326082153.0
008 080602s2009 enkab b 001 0 eng
010 _a 2008023954
020 _a9781844076680 (hardback)
035 _a(DNAL)1006214
040 _aDNAL/DLC
_cKMU
_dDLC
_beng
_eRDA
042 _apcc
043 _ad------
050 0 0 _aS494.5.U72
_bA42 2009
245 0 0 _aAgriculture in urban planning :
_bgenerating livelihoods and food security /
_cedited by Mark Redwood.
260 _aSterling, VA :
_bEarthscan,
_c2009.
300 _axviii, 248 p. :
_bill., maps ;
_c25 cm.
504 _aIncludes bibliographical references and index.
505 0 _aHousehold food security among urban farmers in Nairobi, Kenya / Eunice Wambui Njogu -- Urban compost: a socio-economic and agronomic evaluation in Kumasi, Ghana / Nikita S. Eriksen-Hamel and George Danso -- Urban agriculture as a livelihood strategy in Lima, Peru / Luis Maldonado Villavicencio -- The social and economic implications of urban agriculture on food security in Harare, Zimbabwe / Charity Mutonodzo -- Urban agriculture and food security in Lilongwe and Blantyre, Malawi / David Dalison Mkwambisi -- An analysis of the quality of wastewater used to irrigate vegetables in Accra, Kumasi and Tamale (Ghana) / Philip Amoah -- Water contamination and its impact on vegetable production in the RĂ­mac River, Peru / Henry Juarez -- Wastewater use and urban agriculture in kinshasa, DR Congo / Kifuani Kia Mayeko -- The health impacts of farming on producers in Rosario, Argentina / Patricia Silvia Propersi -- Using participatory education and action research for health risk reduction amongst farmers in Dakar, Senegal / Nita Chaudhuri -- Complex ecologies and city spaces: social-ecological networks of urban agriculture / Laura J. Shillington -- Urban agriculture and physical planning: a case study of Zaria, Nigeria / Chuo Adamu Nsangu.
650 0 _aUrban agriculture
_zDeveloping countries.
650 0 _aSustainable development
_zDeveloping countries.
700 1 _aRedwood, Mark.
856 4 1 _3Table of contents only
_uhttp://www.loc.gov/catdir/toc/ecip0820/2008023954.html
906 _a7
_bcbc
_corignew
_d1
_eecip
_f20
_gy-gencatlg
942 _2lcc
_cBK
_n0
999 _c1068
_d1068